000 00341nam a2200109 4500
999 _c11128
_d11128
008 181012b ||||| |||| 00| 0 eng d
245 _aIn sexual assault laws, definition of 'consent' varies widely.
260 _aPhililppines
_bPhilippine Daily Inquirer
_cc2017
300 _apage A12.
650 0 _932158
_aSexual behavior.
942 _2ddc
_cPER